| 000 | 00862nam a2200229Ia 4500 | ||
|---|---|---|---|
| 008 | 191130s2005##################000#0#eng## | ||
| 020 | _a0714656259 (hb) | ||
| 022 | _a2004010787 | ||
| 040 |
_aACL _cACL |
||
| 082 | _a940.53/49742 | ||
| 100 | _aRedžić, Enver | ||
| 245 |
_aBosnia and Herzegovina in the second world war _cEnver Redzic ; translated by Aida Vidan ; introduction and editorial notes by Robert J. Donia |
||
| 260 |
_aLondon ; Portland, OR _bFrank Cass _c2005 |
||
| 300 | _axi, 250 p. : map ; 24 cm | ||
| 500 | _aIncludes bibliographical references and index | ||
| 650 | _aBosnia and Hercegovina - History - 1918-1945 | ||
| 650 | _aMuslims - Bosnia and Hercegovina - History - 20th century | ||
| 650 | _aWorld War, 1939-1945 - Bosnia and Hercegovina | ||
| 990 | _a5cfbe015ac10000c43dc11169fd3d6f3 | ||
| 991 | _a175549 | ||
| 999 |
_c247248 _d247248 |
||